000 00635nam a2200181 a 4500
001 000038497
005 20240229073944.0
008 130412s1988 dr r 000 0 spa d
040 _aDO-SdBNP
_bspa
_cBNPHU
082 _axxxx
_bG615p
100 1 _aGoico Castro, Manuel de Jesús
_923255
245 1 0 _aPanegiricos, semblanzas, prólogos /
_cManuel de Jesús Goico Castro ; edición José Chez Checo.
260 _aSanto Domingo :
_bFundación García Arévalo ,
_c1988.
300 _a184 p. : ;
_c23 cm.
490 1 _aSerie monográfica
_v23
700 1 _aChez Checo, José,
_d1949-
_eed.
_910145
830 0 _aSerie monográfica
_n23
_964849
999 _c37987
_d37987